Doctor Strange (2016): Characters by Picture - Statistics

General Stats
  • This quiz has been taken 40 times
    39 since last reset
  • The average score is 8 of 11
Answer Stats
Picture Answer % Correct
Doctor Strange
100%
Thor
100%
Wong
100%
Dormammu
97%
Ancient One
94%
Stan Lee
91%
Kaecilius
74%
Karl Mordo
74%
Christine Palmer
60%
Nicodemus West
26%
Hamir
11%
No matching quizzes found
Score Distribution
Percent of People with Each Score
Percentile by Number Answered
Your Score History
You have not taken this quiz since the last reset